00555nam a2200181Ia 450000500170000000800410001702000150005808200130007310000220008624500420010826000640015030000130021465000140022765000170024194200060025895200940026499900150035820240625042502.0240331s9999 xx 000 0 und d a0195623738 bCOOa100 aCoomaraswamy, A.K 0aWhat is civilization and other essays aNew DelhibIndira Gandhi national center for the artsc1989 a193 p ., aEvalution aCivilization cL 001040708LaWERCLbWERCLcSSCd2024-03-31l0o 100 COOp531r2024-03-31w2024-03-31yL c1356d1356